| 000 | 00669nam a22002177a 4500 | ||
|---|---|---|---|
| 003 | OSt | ||
| 005 | 20260530113913.0 | ||
| 008 | 260506b1982 spa||||| |||| 00| 0 spa d | ||
| 020 | _a9688051578 | ||
| 035 | _aMX001000363017 | ||
| 040 |
_aICI _bspa _cICI _erda |
||
| 041 | _aspa | ||
| 082 | _2N8222.M35 L65 | ||
| 100 |
_aLopez, Mariano, _eautor _933699 |
||
| 245 | 1 | 0 |
_aAntiguas representaciones del maiz _bMariano lopez _cInvestigacion y seleccion de material: |
| 300 | _a89 páginas | ||
| 490 | _aArchivo general de la nacion. serie de informacion grafica | ||
| 651 |
_aMaíz _vObras ilustradas _933700 |
||
| 942 |
_2lcc _cBK _n1 |
||
| 999 |
_c12195 _d12195 |
||